| 000 | 00958nam a2200277 a 4500 | ||
|---|---|---|---|
| 001 | BRCA_305 | ||
| 005 | 20190320202944.0 | ||
| 008 | 211206s1997----mx-#---###---#000-0#spa-d | ||
| 020 | _a9683690734 | ||
| 041 | _aspa | ||
| 044 | _amx | ||
| 050 | 4 |
_aHQ1121 _b.L26 1997 |
|
| 100 | 1 |
_aLagarde y de los Ríos, Marcela _d1948- _91023 |
|
| 245 | 1 | 0 |
_aLos cautiverios de las mujeres _bmadresposas, mujeres, monjas, putas, presas y locas _cMarcela Lagarde y de los Ríos. |
| 250 | _a3 | ||
| 260 |
_aMéxico _bUNAM _c1997 |
||
| 300 |
_a884 p. _c21 cm. |
||
| 440 | 0 |
_aColección posgrado _v8 _91024 |
|
| 500 | _aOriginalmente presentado como tesis de autor: (doctorado--UNAM, 1989) con el título: Antropología de los cautiverios de las mujeres | ||
| 504 | _aBibliografía: p. 833-866. | ||
| 650 | 1 | 4 |
_aMujeres _xHistoria _91025 |
| 650 | 1 | 4 |
_aMujeres _xCondiciones sociales _91026 |
| 650 | 1 | 4 |
_aTeoría feminista _91027 |
| 650 | 1 | 4 |
_aFeminismo _91028 |
| 942 |
_2lcc _cB |
||
| 999 |
_c247 _d247 |
||